Komparácia zahraničnej a bezpečnostnej politiky Slovenskej republiky a Českej repubiky v rokoch 2016-2021 diplomová práca

Salvato in:
Dettagli Bibliografici
Autore principale: Čech, Tibor
Ente Autore: Fakulta medzinárodných vzťahov EU. Katedra medzinárodných politických vzťahov
Altri autori: Csányi, Peter, 1978-
Natura: Libro
Lingua:slovacco
Pubblicazione: Bratislava 2024
Tags: Aggiungi Tag
Nessun Tag, puoi essere il primo ad aggiungerne!!

MARC

LEADER 00000nbm a2200000 4500
001 0300803
005 20250226115301.3
041 0 |a slo 
044 |a SK 
245 1 0 |a Komparácia zahraničnej a bezpečnostnej politiky Slovenskej republiky a Českej repubiky v rokoch 2016-2021  |b diplomová práca  |c Tibor Čech ; školiteľ: Peter Csányi 
264 1 |a Bratislava  |c 2024 
300 |a 76 s. 
100 1 |a Čech, Tibor 
700 1 |a Csányi, Peter, 1978- 
710 2 |a Fakulta medzinárodných vzťahov EU. Katedra medzinárodných politických vzťahov